| 000 | 00822nas a2200229 a 4500 | ||
|---|---|---|---|
| 999 |
_c16963 _d16963 |
||
| 005 | 20180518104505.0 | ||
| 008 | 500101c19859999enk r p 0 u0engdu | ||
| 022 | _a0266-4674 | ||
| 040 |
_aNRU _cNRU _dDNAL _dNST _dMH _dNST _dDNAL _dNST _dm/c _dNSDP _dOCoLC _dNST _dNSDP _dNST _dInU _dCO-BoIAVH |
||
| 041 | 0 | _aeng | |
| 044 | _aenk | ||
| 090 | _aSE | ||
| 245 | 0 | 0 | _aJournal of tropical ecology |
| 260 |
_aCambridge : _bCambridge University Press for INTECOL and the ICSU Press, _c1985- |
||
| 300 |
_bilustraciones ; _c25 cm. |
||
| 310 | _ab | ||
| 650 | 2 | 6 |
_aEcología _zZona tropical _vPublicaciones periódicas |
| 651 | 4 |
_aZonas tropicales _vPublicaciones periódicas |
|
| 710 | 2 | _aInternational Association for Ecology | |
| 776 | 1 |
_tJournal of tropical ecology (Online) _x1469-7831 |
|
| 942 |
_2z _cREVISTA _s1 |
||